[Event "AUTO-BEG-351"]
[Site "http://www.queenalice.com/game.php?id=761050"]
[Date "2010.4.14"]
[Round "2"]
[White "Juan_Mal"]
[Black "windlazy"]
[Result "1-0"]
[WhiteElo "2069"]
[BlackElo "1826"]

1. e4 c5 2. Nf3 Nc6 3. d4 g6 4. d5 Nb4 5. c4 Bg7 6. a3 Na6 7. Nc3 d6 8. h3 Bxc3+
9. bxc3 Nf6 10. Bd3 O-O 11. O-O e6 12. Bg5 e5 13. Nh2 Kg7 14. Qd2 Re8 15. f4 Bd7
16. fxe5 dxe5 17. Bxf6+ Qxf6 18. Rxf6 Kxf6 19. Qh6 Rh8 20. Rf1+ Ke7 21. Qg7 Rhf8
22. Qf6+ Ke8 23. d6 1-0

[Event "AUTO-BEG-351"]
[Site "http://www.queenalice.com/game.php?id=761051"]
[Date "2010.4.14"]
[Round "2"]
[White "windlazy"]
[Black "Juan_Mal"]
[Result "1-0"]
[WhiteElo "1820"]
[BlackElo "2075"]

1. d4 Nf6 2. c4 g6 3. Nc3 Bg7 4. e4 d6 5. g3 O-O 6. Nf3 Nbd7 7. Bh3 e5 8. dxe5
Nxe5 9. Bxc8 Qxc8 10. Nd5 Nxe4 11. Ne7+ Kh8 12. Nxc8 Raxc8 13. Nxe5 Bxe5 14. O-O
Bg7 15. Qd5 Nc5 16. Rb1 a5 17. Be3 b6 18. Bxc5 dxc5 19. Rfd1 Bd4 20. Rxd4 cxd4
21. Qxd4+ Kg8 22. Rd1 c5 23. Qf6 1-0

[Event "Challenge"]
[Site "http://www.queenalice.com/game.php?id=761146"]
[Date "2010.4.14"]
[Round "-"]
[White "Juan_Mal"]
[Black "waldi"]
[Result "1-0"]
[WhiteElo "2140"]
[BlackElo "2022"]

1. e4 c5 2. Nf3 Nc6 3. d4 cxd4 4. Nxd4 g6 5. Nc3 d6 6. Be3 Bg7 7. Qd2 Nxd4 8.
Bxd4 e5 9. Be3 Ne7 10. Rd1 O-O 11. Qxd6 Qxd6 12. Rxd6 f5 13. Bc4+ Kh8 14. O-O f4
15. Bc5 b6 16. Bb4 1-0

[Event "AUTO-ADV-1572"]
[Site "http://www.queenalice.com/game.php?id=766619"]
[Date "2010.4.26"]
[Round "2"]
[White "tomhagen456"]
[Black "Juan_Mal"]
[Result "1/2-1/2"]
[WhiteElo "2157"]
[BlackElo "2049"]

1. e4 e5 2. Nf3 Nc6 3. Bb5 a6 4. Ba4 Nf6 5. d4 exd4 6. O-O Be7 7. Re1 O-O 8. e5
Nd5 9. Nxd4 Nxd4 10. Qxd4 Nb6 11. Bb3 d6 12. exd6 Bxd6 13. Bf4 Qh4 14. g3 Qg4
15. h3 Qf3 16. Nd2 Qc6 17. Bxd6 Bxh3 18. Ne4 Rad8 19. Bd5 Rxd6 20. Nxd6 Nxd5 21.
Ne8 f6 22. Qe4 Bd7 23. Rad1 Rxe8 24. Qxd5+ Qxd5 25. Rxe8+ Bxe8 26. Rxd5 Kf7 27.
Rd8 c5 28. Rb8 Bc6 29. Rh8 h6 30. Rd8 Ke7 31. Rc8 Kf7 32. Kf1 h5 33. Ke2 g6 34.
Kd3 Kg7 35. Kc4 g5 36. Kxc5 h4 37. gxh4 gxh4 38. Rc7+ 1/2-1/2

[Event "AUTO-ADV-1572"]
[Site "http://www.queenalice.com/game.php?id=766620"]
[Date "2010.4.26"]
[Round "2"]
[White "Juan_Mal"]
[Black "tomhagen456"]
[Result "0-1"]
[WhiteElo "2083"]
[BlackElo "2143"]

1. e4 c5 2. Nf3 d6 3. d4 cxd4 4. Nxd4 Nf6 5. Nc3 a6 6. Be2 e5 7. Nb3 Be6 8. Be3
Be7 9. f3 O-O 10. Qd2 Nbd7 11. O-O-O b5 12. g4 Nb6 13. g5 Nfd7 14. h4 Nc4 15.
Qd3 Ndb6 16. f4 Na4 17. Nxa4 bxa4 18. Nd2 Nxe3 19. Qxe3 exf4 20. Qxf4 Qc7 21.
Qg3 Rfc8 22. c4 Rab8 23. Kb1 Qa5 24. Qe3 Qe5 25. b3 a3 0-1

[Event "AUTO-ADV-1572"]
[Site "http://www.queenalice.com/game.php?id=766621"]
[Date "2010.4.26"]
[Round "2"]
[White "Mikalus"]
[Black "Juan_Mal"]
[Result "0-1"]
[WhiteElo "1800"]
[BlackElo "2053"]

1. e4 c5 2. Bc4 d6 3. Nc3 Nf6 4. d4 cxd4 5. Qxd4 Nc6 6. Qd2 e6 7. Nf3 Be7 8. a3
O-O 9. O-O a6 10. a4 b6 11. Re1 Qc7 12. Bb3 Bb7 13. Qe2 Nd7 14. Bg5 Nc5 15. Bxe7
Qxe7 16. Ra3 Rfd8 17. Qe3 Rac8 18. e5 dxe5 19. Nxe5 Nd4 20. Qc1 f6 21. Nd3 Ndxb3
0-1

[Event "AUTO-ADV-1572"]
[Site "http://www.queenalice.com/game.php?id=766622"]
[Date "2010.4.26"]
[Round "2"]
[White "Juan_Mal"]
[Black "Mikalus"]
[Result "1-0"]
[WhiteElo "2059"]
[BlackElo "1794"]

1. e4 c5 2. Nc3 Nc6 3. g3 e6 4. Bg2 Nf6 5. Nge2 a6 6. a4 Be7 7. O-O O-O 8. d4
cxd4 9. Nxd4 Nxd4 10. Qxd4 d6 11. e5 dxe5 12. Qxe5 Bd6 13. Qe2 Re8 14. Rd1 Qc7
15. Bg5 Be7 16. Bf4 Qa5 17. Qc4 Nd7 18. Ne4 Nb6 19. Qb3 Nd5 20. Nd6 Nxf4 21.
Nxe8 Nxg2 22. Kxg2 b6 23. Nd6 1-0

[Event "AUTO-OPEN-1746"]
[Site "http://www.queenalice.com/game.php?id=798494"]
[Date "2010.7.4"]
[Round "2"]
[White "HILITO"]
[Black "Juan_Mal"]
[Result "0-1"]
[WhiteElo "1985"]
[BlackElo "2122"]

1. e4 e5 2. Nf3 Nc6 3. Bb5 a6 4. Ba4 Nf6 5. O-O b5 6. Bb3 Be7 7. d3 O-O 8. Nbd2
d6 9. c3 Na5 10. Bc2 c5 11. Re1 Nc6 12. Nf1 g6 13. Bh6 Re8 14. d4 Qc7 15. d5 Nb8
16. Ng3 Bf8 17. Qd2 Bxh6 18. Qxh6 Ng4 19. Qg5 Qe7 20. Qd2 Nd7 21. h3 Ngf6 22.
Rad1 Kg7 23. b3 h6 24. Nh2 Nf8 25. Re2 N8h7 26. Rf1 Nd7 27. f4 exf4 28. Qxf4 Ne5
29. Nh1 Ra7 30. Nf2 h5 31. g4 hxg4 32. hxg4 Ng5 33. Qg3 Rh8 34. Nd3 Rh3 0-1

[Event "AUTO-OPEN-1746"]
[Site "http://www.queenalice.com/game.php?id=798495"]
[Date "2010.7.4"]
[Round "2"]
[White "Juan_Mal"]
[Black "HILITO"]
[Result "1-0"]
[WhiteElo "2113"]
[BlackElo "2015"]

1. e4 c6 2. d4 d5 3. Nd2 dxe4 4. Nxe4 Nd7 5. Nf3 Ngf6 6. Ng3 e6 7. Bd3 Be7 8.
O-O O-O 9. Re1 b5 10. a4 b4 11. Bf4 a5 12. Qe2 Nd5 13. Bd2 c5 14. Ne5 cxd4 15.
Nc6 Qc7 16. Nxe7+ Nxe7 17. Qe4 Nf6 18. Qxa8 Nc6 19. Ba6 h5 20. Bxc8 Rxc8 21. Qa6
Ng4 22. Qe2 f5 23. h3 h4 24. hxg4 hxg3 25. Qxe6+ Kh8 26. Qxf5 gxf2+ 27. Kxf2 1-0

[Event "AUTO-OPEN-1746"]
[Site "http://www.queenalice.com/game.php?id=798498"]
[Date "2010.7.4"]
[Round "2"]
[White "falekhine"]
[Black "Juan_Mal"]
[Result "0-1"]
[WhiteElo "2096"]
[BlackElo "2152"]

1. d4 Nf6 2. c4 g6 3. Nc3 Bg7 4. e4 d6 5. f3 O-O 6. Be3 e5 7. Bd3 Nh5 8. Nge2 f5
9. exf5 gxf5 10. dxe5 dxe5 11. O-O Be6 12. Qc2 c6 13. Rad1 Qh4 14. Bf2 Qg5 15.
Ng3 Nd7 16. Nxh5 Qxh5 17. Ne2 f4 18. Nc3 Rf6 19. h4 Nf8 20. Ne4 Rh6 21. Ng5 Re8
22. c5 Bd5 23. Bc4 Ng6 24. Qb3 Ne7 25. Rfe1 Bf6 26. Nh3 Kh8 27. a4 Rg8 28. Bxd5
Nxd5 29. Rxd5 cxd5 30. Qxd5 Rhg6 31. Ng5 h6 32. Nf7+ Kh7 33. Qe4 Rg7 34. Nxe5
Bxe5 35. Qxe5 Qxf3 36. Qe4 Qxg2+ 37. Qxg2 Rxg2+ 38. Kf1 Rh2 39. Re4 f3 40. Ke1
Rgg2 41. Re7+ Kg6 0-1

[Event "AUTO-OPEN-1746"]
[Site "http://www.queenalice.com/game.php?id=798499"]
[Date "2010.7.4"]
[Round "2"]
[White "Juan_Mal"]
[Black "falekhine"]
[Result "1/2-1/2"]
[WhiteElo "2147"]
[BlackElo "2094"]

1. e4 c6 2. d4 d5 3. Nc3 dxe4 4. Nxe4 Nf6 5. Nxf6+ exf6 6. Nf3 Bg4 7. Be2 Bd6 8.
O-O O-O 9. h3 Bh5 10. Re1 Re8 11. Be3 Nd7 12. Qd2 Nf8 13. Rad1 Bc7 14. Bf4 Bxf4
15. Qxf4 Ne6 16. Qd2 Qc7 17. g3 Rad8 18. c4 h6 19. Qc3 Ng5 20. Nxg5 Bxe2 21. Rd2
Bh5 22. Rxe8+ Rxe8 23. Nf3 Bxf3 24. Qxf3 Re1+ 25. Kg2 Qe7 26. d5 cxd5 27. cxd5
Qd6 28. Qc3 b6 29. Qc8+ Kh7 30. Qa6 Re5 31. Qd3+ g6 32. h4 h5 33. a3 f5 34. Qc4
Re7 35. b4 Rc7 36. Qd4 Rd7 37. a4 Rc7 38. Re2 1/2-1/2

[Event "AUTO-OPEN-1750"]
[Site "http://www.queenalice.com/game.php?id=803790"]
[Date "2010.7.15"]
[Round "3"]
[White "pomar"]
[Black "Juan_Mal"]
[Result "0-1"]
[WhiteElo "2052"]
[BlackElo "2148"]

1. f3 d5 2. Kf2 e5 3. e3 Nf6 4. c4 d4 5. d3 c5 6. e4 Bd6 7. g3 O-O 8. Bh3 Nc6 9.
Bxc8 Rxc8 10. Nd2 Nd7 11. Nh3 f5 12. exf5 Rxf5 13. Ne4 Qe7 14. Bg5 Qe6 15. Nxd6
Qxd6 16. Rf1 Rcf8 17. Kg2 Qg6 18. Qd2 h6 19. Bh4 Qf7 20. f4 exf4 21. gxf4 Nde5
22. Bg3 Ng4 23. Rf3 Ne3+ 24. Kh1 Ne5 25. Rf2 N5g4 26. Rf3 b6 27. Ng1 Qb7 28. h3
Ne5 29. fxe5 Rxf3 30. Nxf3 Qxf3+ 31. Kh2 Nf1+ 32. Rxf1 Qxf1 33. a3 Rf3 34. e6
Re3 0-1

[Event "AUTO-OPEN-1750"]
[Site "http://www.queenalice.com/game.php?id=803791"]
[Date "2010.7.15"]
[Round "3"]
[White "Juan_Mal"]
[Black "pomar"]
[Result "1-0"]
[WhiteElo "2130"]
[BlackElo "2062"]

1. e4 e6 2. b3 c5 3. Nf3 Nc6 4. Bb2 d5 5. exd5 exd5 6. d4 f6 7. Be2 Bd6 8. O-O
Nge7 9. c4 Be6 10. cxd5 Bxd5 11. dxc5 Bxc5 12. Nc3 O-O 13. Nxd5 Nxd5 14. Bc4 Ne7
15. Rc1 b6 16. Rc2 Qd6 17. Rd2 Rad8 18. Nd4 Kh8 19. Nb5 Qd7 20. Qf3 Qf5 21. Qxf5
Nxf5 22. Rxd5 Rxd5 23. Bxd5 a6 24. Nc3 Re8 25. Ne4 1-0

[Event "AUTO-OPEN-1750"]
[Site "http://www.queenalice.com/game.php?id=803792"]
[Date "2010.7.15"]
[Round "3"]
[White "saiesha"]
[Black "Juan_Mal"]
[Result "0-1"]
[WhiteElo "1956"]
[BlackElo "2162"]

1. d4 Nf6 2. c4 g6 3. Nc3 Bg7 4. e4 d6 5. f3 O-O 6. Be3 e5 7. d5 Nh5 8. Bd3 f5
9. Nge2 f4 10. Bf2 a5 11. a3 Na6 12. b4 Bd7 13. Qb3 axb4 14. axb4 Qg5 15. Rg1
Nxb4 16. Na2 Nxd3+ 17. Qxd3 Ra5 18. Kd2 Rfa8 19. Nec3 b6 20. h4 Qd8 21. Qc2 Ng3
22. Ne2 Nxe2 23. Kxe2 Qb8 24. Rgb1 R8a7 25. Be1 R5a6 26. Bc3 Qa8 27. Qb2 Rxa2
0-1

[Event "AUTO-OPEN-1750"]
[Site "http://www.queenalice.com/game.php?id=803793"]
[Date "2010.7.15"]
[Round "3"]
[White "Juan_Mal"]
[Black "saiesha"]
[Result "1-0"]
[WhiteElo "2145"]
[BlackElo "1983"]

1. e4 d5 2. exd5 Qxd5 3. Nc3 Qa5 4. d4 Nf6 5. Bc4 c6 6. Ne2 b5 7. Bb3 Bg4 8. O-O
e6 9. Bf4 Nbd7 10. f3 Bf5 11. Ng3 Bg6 12. Qe2 Be7 13. Rfe1 Qb6 14. Rad1 a5 15.
Bxe6 fxe6 16. Qxe6 Ng8 17. Bd6 Qd8 18. Re2 Ndf6 19. Bxe7 Nxe7 20. Qxc6+ Kf8 21.
Qxb5 Bf7 22. Qc5 Rc8 23. Qa3 Bc4 24. Re5 Kf7 25. Nce4 Nc6 26. Nd6+ 1-0

[Event "AUTO-MASTER-1027"]
[Site "http://www.queenalice.com/game.php?id=806388"]
[Date "2010.7.21"]
[Round "2"]
[White "Juan_Mal"]
[Black "miah14"]
[Result "0-1"]
[WhiteElo "2157"]
[BlackElo "2220"]

1. e4 e5 2. Nf3 Nc6 3. Bb5 a6 4. Ba4 Nf6 5. O-O b5 6. Bb3 Bd6 7. d4 Bb7 8. dxe5
Nxe5 9. Nxe5 Bxe5 10. f4 Bd6 11. e5 Bc5+ 12. Kh1 Ne4 13. Qe1 Qe7 14. Nd2 Nxd2
15. Bxd2 h5 16. Rd1 O-O-O 17. Be3 f6 18. Bxc5 Qxc5 19. exf6 gxf6 20. Qf2 Qf5 21.
Qd2 Kb8 22. c4 h4 23. cxb5 h3 24. Bd5 Bxd5 25. Qxd5 hxg2+ 26. Qxg2 Rdg8 27. Qd5
Rxh2+ 28. Kxh2 Qh7+ 0-1

[Event "AUTO-MASTER-1027"]
[Site "http://www.queenalice.com/game.php?id=806389"]
[Date "2010.7.21"]
[Round "2"]
[White "miah14"]
[Black "Juan_Mal"]
[Result "1/2-1/2"]
[WhiteElo "2320"]
[BlackElo "2168"]

1. e4 e5 2. Nf3 Nc6 3. Bc4 Bc5 4. Nc3 Nf6 5. O-O O-O 6. d3 h6 7. Nd5 d6 8. c3
Nxd5 9. exd5 Ne7 10. d4 exd4 11. cxd4 Bb6 12. Re1 Bg4 13. a4 a6 14. Re4 Qd7 15.
a5 Ba7 16. h3 Bh5 17. Qa4 Qxa4 18. Rxa4 Rfe8 19. g4 Bg6 20. Re3 f5 21. Bd2 fxg4
22. hxg4 Bf7 23. Rb4 b5 24. axb6 Bxb6 25. g5 h5 26. Ra4 Kf8 27. Re4 Nxd5 28.
Rxe8+ Rxe8 29. Rxa6 g6 30. Bd3 Kg7 31. Kg2 Ne7 32. Kg3 Bd5 33. Be3 Nc6 34. Ra4
Bb3 35. Bb5 Bd5 36. Bd3 Rb8 37. Nh4 Ne7 38. b4 Bb3 39. Ra1 Bd5 40. Ra3 Ra8 41.
Rxa8 Bxa8 42. f4 Bd5 43. f5 Nxf5+ 44. Nxf5+ gxf5 45. Bxf5 Bf7 46. Bd7 Kg6 47.
Kh4 Ba7 48. Bb5 Kf5 49. Bd3+ Ke6 50. g6 Be8 51. Kxh5 Kd5 52. Kh6 Bxd4 53. Bxd4
Bxg6 54. Bxg6 Kxd4 55. Be8 Kc3 56. b5 d5 57. Kg5 d4 58. Kf4 d3 59. Ke3 d2 60.
Bh5 Kc4 61. Be2+ Kc5 62. Kxd2 c6 1/2-1/2

[Event "AUTO-MASTER-1027"]
[Site "http://www.queenalice.com/game.php?id=806390"]
[Date "2010.7.21"]
[Round "2"]
[White "Juan_Mal"]
[Black "ZbynioG"]
[Result "1-0"]
[WhiteElo "2168"]
[BlackElo "2002"]

1. e4 Nf6 2. e5 Nd5 3. d4 d6 4. exd6 cxd6 5. Nf3 Nc6 6. Be2 g6 7. O-O Bg7 8. c3
O-O 9. Nbd2 Bf5 10. Re1 a6 11. Nf1 b5 12. Ng3 Bg4 13. h3 Bd7 14. Nh2 Rc8 15. Ng4
h5 16. Ne3 Nf4 17. Bf3 b4 18. Nef1 e5 19. Bxf4 exf4 20. Ne4 Bf5 21. Nfd2 a5 22.
Qa4 Re8 23. Rac1 Bd7 24. Qd1 Qe7 25. Nc4 bxc3 26. bxc3 Qh4 27. Ncxd6 1-0

[Event "AUTO-MASTER-1027"]
[Site "http://www.queenalice.com/game.php?id=806391"]
[Date "2010.7.21"]
[Round "2"]
[White "ZbynioG"]
[Black "Juan_Mal"]
[Result "1/2-1/2"]
[WhiteElo "1995"]
[BlackElo "2173"]

1. d4 Nf6 2. c4 g6 3. Nc3 Bg7 4. e4 d6 5. Nf3 O-O 6. Be2 e5 7. d5 Nbd7 8. h3 Nc5
9. Qc2 a5 10. Be3 b6 11. g4 h5 12. g5 Nfd7 13. Nh4 a4 14. Kd2 Bb7 15. Rag1 Ra6
16. Qb1 a3 17. b4 Na4 18. Qd1 Nxc3 19. Kxc3 Qa8 20. Bxh5 Ra4 21. Nxg6 fxg6 22.
Bxg6 Rxb4 23. Qh5 Rf4 24. Kxb4 Qa5+ 25. Kb3 1/2-1/2

[Event "AUTO-ADV-1601"]
[Site "http://www.queenalice.com/game.php?id=835119"]
[Date "2010.9.19"]
[Round "2"]
[White "Juan_Mal"]
[Black "RobertD"]
[Result "1-0"]
[WhiteElo "2177"]
[BlackElo "1845"]

1. e4 g6 2. d4 Bg7 3. c4 e5 4. dxe5 Bxe5 5. Nf3 Bg7 6. Nc3 d6 7. Be2 f5 8. exf5
Bxf5 9. O-O Nf6 10. Nd4 Qd7 11. Nxf5 gxf5 12. Bf3 Nc6 13. Re1+ Ne5 14. Bxb7 Rb8
15. f4 O-O 16. fxe5 dxe5 17. Qxd7 Nxd7 18. Bd5+ Kh8 19. b3 e4 20. Bb2 Nc5 21.
Na4 Nd3 22. Bxg7+ Kxg7 23. Re3 Kf6 24. Rf1 Ke5 25. Nc3 Rb6 26. Rxe4+ fxe4 27.
Rxf8 Kd4 28. Nb5+ Rxb5 29. cxb5 e3 30. Bf3 Kc3 31. Rf7 Ne5 32. Rxc7+ Kd2 33.
Rxa7 Nxf3+ 34. gxf3 Ke1 35. b6 e2 36. Re7 Kd1 37. b7 e1=Q+ 38. Rxe1+ 1-0

[Event "AUTO-ADV-1601"]
[Site "http://www.queenalice.com/game.php?id=835120"]
[Date "2010.9.19"]
[Round "2"]
[White "RobertD"]
[Black "Juan_Mal"]
[Result "0-1"]
[WhiteElo "1841"]
[BlackElo "2175"]

1. e4 c5 2. f4 Nc6 3. Nf3 g6 4. Bc4 Bg7 5. Nc3 e6 6. O-O Nge7 7. a3 O-O 8. Nb5
d5 9. exd5 exd5 10. Ba2 d4 11. a4 Nb4 12. d3 Nxa2 13. Rxa2 Nd5 14. c4 dxc3 15.
bxc3 a6 16. Na3 Nxc3 17. Qc2 Nxa2 18. Qxa2 Qxd3 19. Ne5 Qd4+ 20. Kh1 b5 21. axb5
axb5 22. Qe2 b4 23. Nb5 Qd8 24. Rd1 Qb6 25. Nd6 Ba6 26. Qf2 Rad8 27. Rd2 Rxd6
0-1

[Event "AUTO-ADV-1601"]
[Site "http://www.queenalice.com/game.php?id=835121"]
[Date "2010.9.19"]
[Round "2"]
[White "Juan_Mal"]
[Black "Evandrogon"]
[Result "1-0"]
[WhiteElo "2188"]
[BlackElo "1844"]

1. e4 Nc6 2. d4 d5 3. e5 Bf5 4. c3 f6 5. f4 fxe5 6. fxe5 e6 7. Nf3 h6 8. Bd3
Bxd3 9. Qxd3 Nge7 10. O-O g5 11. b4 a6 12. a4 Bg7 13. Nbd2 Nf5 14. g4 Nfe7 15.
Nb3 Qd7 16. Nc5 Qc8 17. Be3 b6 18. Nb3 Qd7 19. a5 bxa5 20. Nxa5 Nxa5 21. Rxa5
O-O 22. Rxa6 Rxa6 23. Qxa6 Ng6 24. Ne1 Rxf1+ 25. Qxf1 Nh4 26. Bf2 Ng6 27. Nd3
Qf7 28. Bg3 Qe8 29. Nc5 c6 30. Qa6 Nf4 31. Bxf4 gxf4 32. Qf1 Qf7 33. Qf3 Kf8 34.
Nd3 Ke7 35. Qxf4 Qg6 36. Qf3 h5 37. h3 h4 38. Kf2 Qg5 39. Qe3 Qg6 40. g5 Qf5+
41. Ke2 Kd8 42. Kd2 Kc7 43. Qf4 1-0

[Event "AUTO-ADV-1601"]
[Site "http://www.queenalice.com/game.php?id=835122"]
[Date "2010.9.19"]
[Round "2"]
[White "Evandrogon"]
[Black "Juan_Mal"]
[Result "0-1"]
[WhiteElo "1878"]
[BlackElo "2179"]

1. d4 Nf6 2. c4 g6 3. Bf4 Bg7 4. e3 O-O 5. h4 d6 6. h5 Nxh5 7. Rxh5 gxh5 8. Qxh5
Nd7 9. Bd3 f5 10. Bh6 Nf6 11. Qg5 Rf7 12. Nh3 Ng4 13. Bxg7 Rxg7 14. Qh4 Qf8 15.
Nd2 e5 16. O-O-O Qf6 17. Qxf6 Nxf6 18. dxe5 dxe5 19. g3 Be6 20. Nb3 b6 21. Ng1
Rd8 22. Ne2 Rgd7 23. Bc2 Rxd1+ 24. Bxd1 Bxc4 25. Nc3 Ng4 26. Bxg4 fxg4 27. Ne4
Bxb3 28. axb3 Kg7 29. Ng5 Kg6 30. Ne6 Re8 31. Nxc7 Rc8 32. Kd2 Rxc7 0-1

[Event "AUTO-OPEN-1746"]
[Site "http://www.queenalice.com/game.php?id=844073"]
[Date "2010.10.10"]
[Round "3"]
[White "Juan_Mal"]
[Black "CCapivara"]
[Result "0-1"]
[WhiteElo "2190"]
[BlackElo "2107"]

1. e4 c6 2. d4 d6 3. c4 Nf6 4. Nc3 Qa5 5. Bd3 e5 6. Ne2 Be7 7. O-O O-O 8. f3
Nbd7 9. Be3 h6 10. Ng3 Re8 11. Qd2 Qc7 12. b4 exd4 13. Bxd4 Ne5 14. Be2 Be6 15.
Bxe5 dxe5 16. Qb2 Red8 17. Rfd1 Qb6+ 18. Kh1 Qxb4 19. Qc2 Qb6 20. Na4 Qc7 21.
Nf5 Rxd1+ 22. Rxd1 Rd8 23. Rxd8+ Qxd8 24. Nxe7+ Qxe7 25. g4 Qb4 26. h4 Qe1+ 27.
Kg2 Qxh4 28. Qb2 Qe1 29. Nc5 Bc8 30. Nd3 Qa5 31. Nxe5 Qc7 32. c5 Nd7 33. Nd3 Qa5
34. Qc2 Nf8 35. f4 Ne6 36. Qc4 Qd2 37. Kf3 Bd7 38. a4 g6 39. Bf1 Qd1+ 40. Be2
Qh1+ 41. Kf2 Qh2+ 42. Kf3 h5 43. gxh5 Qxh5+ 44. Kf2 Qh4+ 45. Kf3 Ng7 46. Ke3
Qg3+ 47. Kd2 Ne6 48. e5 Ng7 49. Qb4 Bc8 50. Qd4 Bf5 51. Qb4 Ne6 52. Qxb7 Bxd3
53. Bxd3 Qxd3+ 0-1

[Event "AUTO-OPEN-1746"]
[Site "http://www.queenalice.com/game.php?id=844074"]
[Date "2010.10.10"]
[Round "3"]
[White "CCapivara"]
[Black "Juan_Mal"]
[Result "0-1"]
[WhiteElo "1989"]
[BlackElo "2182"]

1. e4 e5 2. Nf3 Nc6 3. Bc4 Bc5 4. b4 Bxb4 5. c3 Be7 6. O-O Nf6 7. d4 Na5 8. Bd3
d6 9. dxe5 dxe5 10. Nxe5 O-O 11. Nd2 Ng4 12. Ndc4 Nxe5 13. Nxe5 Bf6 14. Bf4 Re8
15. Nc4 Nxc4 16. Bxc4 Qxd1 17. Raxd1 Rxe4 18. Rfe1 Bf5 19. Rxe4 Bxe4 20. Rd7 Rd8
21. Bxf7+ Kf8 22. Rxd8+ Bxd8 23. f3 Bxf3 24. gxf3 Kxf7 25. Kf2 c6 26. Ke3 Bf6
27. c4 Ke6 28. Ke4 Be7 29. h3 Ba3 30. Be5 g6 31. Kd4 Bb2+ 0-1